Statistics for Dumbest Countries

Click here to take the quiz!

General Stats

  • This quiz has been taken 40 times
  • The average score is 8 of 20

Answer Stats

HintAnswer% Correct
58.61South Sudan
63%
42.99Nepal
56%
62.55Central African Republic
53%
58.16Ghana
53%
59.76Mali
53%
45.07Sierra Leone
47%
59.83Togo
47%
62.86Yemen
47%
62.97Gabon
44%
53.48Guinea
44%
59.76Mauritania
44%
58.16Ivory Coast
41%
45.07Liberia
41%
52.68Gambia
38%
47.72Guatemala
34%
52.69Nicaragua
34%
62.16Honduras
28%
62.55Belize
22%
63.42Saint Vincent and the Grenadines
6%
62.97Republic Of Congo
0%

Score Distribution

Percentile by Number Answered

Percent of People with Each Score

Your Score History

You have not taken this quiz